LEADER 01263nam a2200277 i 4500 001 000000247502 003 CaOOAMICUS 005 20160118000000.0 008 160118s2015 it u000 u ita u 013 $a226407 020 $a978-88-10-41211-4 040 $aSeMil$bita 100 1 $aRocchetta, Carlo,$d<1943- >.$0(OLS)http://semarc/name/519 245 10$aTeologia del talamo nuziale :$bper un'intimitą gioiosa /$cCarlo Rocchetta. 260 $aBologna :$bEDB,$c2015. 300 $a158 p. ;$c22 cm. 490 0 $aNuovi saggi teologici : collana interconfessionale per la promozione della ricerca teologica ;$v105 650 4$aMatrimonio - Concezione cristiana.$0(OLS)http://semarc/subject/383 650 4$aSesso - Teologia.$0(OLS)http://semarc/subject/13396 830 0$aNuovi saggi teologici ;$v105.$0(OLS)http://semarc/title/422386 850 $aSeMil 852 $aSeMil$W1$xVenegono$y1$m2LA N 105$j264842$B197848$CSeMilBibl$Z2$F208895 $81 961 $aSottoscrizione: LdS 996 $6020$a978-88-10-41211-4$9(OLS)http://semarc/number/256851 996 $6245$aTeologia del talamo nuziale :$bper un'intimitą gioiosa$9(OLS)http://semarc/title/349490 996 $6260$aBologna :$bEDB$9(OLS)http://semarc/publisher/29669 LEADER 01373nam a2200205 i 4500 001 000000004995 003 CaOOAMICUS 005 20251127125841.0 008 180830s1697 it u000 u ita u 040 $aSeMil$bita 100 1 $aMuratori, Ludovico Antonio,$d<1672-1750>.$0(OLS)http://semarc/name/3167 245 10$aAnecdota, quae ex Ambrosianae bibliothecae codicibus nunc primum eruit, notis, ac disquisitionibus auget Ludovicus Antonius Muratorius, ... Tomus prior [-4.]. 260 $aMediolani :$bTypis Iosephi Pandulfi Malatestae :$b[v. 3-4].. Patavii : Typis seminarii, apud Joannem Manfrč,$c1697-1713. 300 $a4 v. ;$c4°. 700 1 $aMalatesta, Giuseppe Pandolfo,$c.$0(OLS)http://semarc/name/2977 774 0 $tTomus prior quatuor S. Paulini episcopi nolani Poemata complectens.$g1$w()252619 774 0 $tTomus secundus praeter veterum monimenta Commentarium continens de corona ferrea, qua romanorum imperatores in insubribus coronari solent.$g2$w()252620 996 $6245$aAnecdota, quae ex Ambrosianae bibliothecae codicibus nunc primum eruit, notis, ac disquisitionibus auget Ludovicus Antonius Muratorius, ... Tomus prior [-4.]$9(OLS)http://semarc/title/400694 996 $6260$aMediolani :$bTypis Iosephi Pandulfi Malatestae :$b[v. 3-4].. Patavii : Typis seminarii, apud Joannem Manfrč$9(OLS)http://semarc/publisher/55682